Loading...

Science in Europe, 1500-1800 a secondary sources reader

Bibliographic Details
Format: Printed Book
Language:English
Published: New York Palgrave 2002
Subjects:
LEADER 00521nam a22001577a 4500
003 OSt
008 100324t xxu||||| |||| 00| 0 eng d
020 |a 0333970063 
080 |a 5(091)  |b OST'02 
245 |a Science in Europe, 1500-1800  |b a secondary sources reader  |c edited by Malcolm Oster 
260 |a New York  |b Palgrave  |c 2002 
300 |a xi, 307p. 
653 |a Science 
942 |c BK  |6 _ 
999 |c 193511  |d 193511 
952 |0 0  |1 0  |4 0  |6 5091_OST02  |7 0  |9 249118  |a SLS  |b SLS  |d 2010-03-24  |o 5(091) OST'02  |p SLS025782  |r 2010-03-24  |t 1  |w 2010-03-24  |y BK